Compiler Design (Record no. 205732)

MARC details
000 -LEADER
fixed length control field 00478nam a2200169Ia 4500
008 - FIXED-LENGTH DATA ELEMENTS--GENERAL INFORMATION
fixed length control field 230714s9999 xx 000 0 und d
020 ## - INTERNATIONAL STANDARD BOOK NUMBER
International Standard Book Number 9790000000000
041 ## - LANGUAGE CODE
Language code of text/sound track or separate title eng
082 ## - DEWEY DECIMAL CLASSIFICATION NUMBER
Classification number 005.4'53
Item number CHA
100 ## - MAIN ENTRY--PERSONAL NAME
Personal name Chattopadhyay S.
9 (RLIN) 118564
245 ## - TITLE STATEMENT
Title Compiler Design
260 ## - PUBLICATION, DISTRIBUTION, ETC. (IMPRINT)
Name of publisher, distributor, etc. Prentice Hall Of India
300 ## - PHYSICAL DESCRIPTION
Extent 225
Accompanying material [OBSOLETE, CAN/MARC] Ref 1195 C (25170)
365 ## - TRADE PRICE
Currency code Rs.
Price amount 195.00
700 ## - ADDED ENTRY--PERSONAL NAME
Personal name Chattopadhyay S.
9 (RLIN) 118564
906 ## - LOCAL DATA ELEMENT F, LDF (RLIN)
d O:0261423-Feb-2012B:111120063718-Jan-2012
c IT
b 195

No items available.